000 00422nam a2200121Ia 4500
008 220620s9999||||xx |||||||||||||| ||und||
100 _aPatessio, Mara
245 0 _aWomen and Public Life in Early Meiji Japan
_bThe Development of the Feminist Movement
546 _aEnglish[eng]
650 _aSociology and anthropology
856 _uhttps://library.oapen.org/bitstream/20.500.12657/41813/1/9780472901609.pdf
942 _cEB
999 _c25630
_d25630